Largest Metropolitan Areas - Florida - Statistics

General Stats
  • This quiz has been taken 234 times
  • The average score is 10 of 15
Answer Stats
Population Metro % Correct
5, 547, 051 Miami
100%
1, 328, 144 Jacksonville
98%
2, 082, 241 Orlando
98%
2, 747, 272 Tampa
97%
360, 013 Tallahasse
81%
586, 908 Cape Coral
72%
495, 890 Daytona Beach
71%
455, 102 Pensacola
66%
688, 123 Sarasota
64%
260, 960 Gainesville
60%
318, 537 Naples
53%
583, 403 Lakeland
52%
328, 547 Ocala
50%
406, 296 Port Saint Lucie
49%
535, 657 Titusville
19%
No matching quizzes found
Score Distribution
Percent of People with Each Score
Percentile by Number Answered
Your Score History
You have not taken this quiz